Econometric analysis (Record no. 24344)

MARC details
000 -LEADER
fixed length control field 00451nam a22001697a 4500
003 - CONTROL NUMBER IDENTIFIER
control field OSt
005 - DATE AND TIME OF LATEST TRANSACTION
control field 20211227115018.0
008 - FIXED-LENGTH DATA ELEMENTS--GENERAL INFORMATION
fixed length control field 211227b |||||||| |||| 00| 0 eng d
020 ## - INTERNATIONAL STANDARD BOOK NUMBER
International Standard Book Number 0-13-013297-7
040 ## - CATALOGING SOURCE
Transcribing agency Hawassa university
050 ## - LIBRARY OF CONGRESS CALL NUMBER
Classification number 330.015195/GRE
082 ## - DEWEY DECIMAL CLASSIFICATION NUMBER
Edition number Fourth edition
Classification number 330.015195/GRE
100 ## - MAIN ENTRY--PERSONAL NAME
Personal name greene william h.
9 (RLIN) 196
245 ## - TITLE STATEMENT
Title Econometric analysis
260 ## - PUBLICATION, DISTRIBUTION, ETC.
Place of publication, distribution, etc. New jersey
Name of publisher, distributor, etc. Prentice hall
Date of publication, distribution, etc. 2003
942 ## - ADDED ENTRY ELEMENTS (KOHA)
Source of classification or shelving scheme Dewey Decimal Classification
Koha item type Books like text book referance book
Suppress in OPAC No
Holdings
Withdrawn status Lost status Source of classification or shelving scheme Damaged status Not for loan Home library Current library Date acquired Total Checkouts Full call number Barcode Date last seen Copy number Price effective from Koha item type
    Dewey Decimal Classification     College of Agriculture Library College of Agriculture Library 12/27/2021   330.015195/GRE ALIB0010930 12/27/2021 C1 12/27/2021 Books like text book referance book